000 01235nam a22002537a 4500
999 _c1472
_d1472
003 AR-CdUCM
008 190227b ||||| |||| 00| 0 spa d
020 _a9972691675
040 _aMUNICIPALIDAD PROVINCIAL DEL CUSCO
_cBIBLIOTECA MUNICIPAL DEL CUSCO
082 _a338.372 /
_bAV91
245 _aLos desafíos de la pesca en el siglo XXI :
_bPropuestas para una gestión sostenible de los recursos marinos /
260 _aPerú :
_bCentro de Estudios Regionales Andinos Bartolomé de Las Casas :
_bEds. Charles Léopold Mayer :
_bAlianza por un Mundo Responsable, Plural y Solidario /
_c2004
300 _a152 paginas :
_c17 cm.
505 _aLos ejes de de acción y reflexión -- Desafíos de la pesca artesanal a principios del siglo XXI --La pesca excesiva --La pesca en pequeña escala ...
650 _aPezca
_95592
650 _aAspectos economicos
_9261
650 _aRecursos pesqueros
_95593
700 _aAvendaño Garcés, Pedro.
_95594
700 _aDecoster, Juliette.
_95595
710 _aCentro de Estudios Regionales Andinos Bartolomé de Las Casas (Cusco)
_93306
710 _aFundación Charles Léopold Mayer para el Progreso del Hombre (París)
_95596
942 _2ddc
_cLIBROS
945 _arfjall
_d2019-02-27